| 000 | 01700nac a22003371i 4500 | ||
|---|---|---|---|
| 003 | EG-ScBUE | ||
| 005 | 20240104104402.0 | ||
| 008 | 090318m19962004ua f b 000 0 ara d | ||
| 020 | _a9770903604 (الكتاب الثالث) | ||
| 020 | _a9770903302 (الكتاب الأول) | ||
| 020 | _a9770903337 (الكتاب الثاني) | ||
| 040 |
_aEG-ScBUE _bara _erda _cEG-ScBUE _dEG-ScBUE |
||
| 082 | 0 | 4 |
_a956.94 _bهـ ي ك _222 |
| 100 | 1 |
_aهيكل، محمد حسنين، _d1923-2016، _eمؤلف. |
|
| 245 | 1 | 2 |
_aالمفاوضات السرية بين العرب وإسرائيل / _cمحمد حسنين هيكل. |
| 250 | _aالطبعة الحادية عشرة. | ||
| 264 | 1 |
_aالقاهرة : _bدار الشروق، _c2004. |
|
| 300 |
_a3 مجلدات ؛ _c24 سم |
||
| 336 |
_2rdacontent _aنص _btxt |
||
| 337 |
_2rdamedia _aبدون وسيط _bn |
||
| 338 |
_2rdacarrier _aمجلد _bnc |
||
| 504 | _aيشتمل على إرجاعات ببليوجرافية. | ||
| 505 | 0 | _aالكتاب الأول، الأسطورة والإمبراطورية والدولة اليهودية -- الكتاب الثاني، عواصف الحرب و عواصف السلام لماذا لم يفاوض جمال عبد الناصر ؟ : كيف فاوض أنور السادات -- الكتاب الثالث، سلام الأوهام : أوسلو - ماقبلها وما بعدها | |
| 650 | 7 |
_aاليهود. _2BUEsh _913691 |
|
| 650 | 7 |
_aالحرب والسلام. _2BUEsh _922210 |
|
| 650 | 7 |
_aالانتفاضة الفلسطينية. _2BUEsh |
|
| 650 | 7 |
_aالنزاع العربي الإسرائيلي. _2BUEsh |
|
| 653 |
_bBUSBOL _cOctober2020 |
||
| 655 | _vReading book | ||
| 942 |
_cBB _2ddc |
||
| 999 |
_c3786 _d3786 |
||